00421nam a2200121 4500245005700000710002000057260003600077300002200113490006300135500001400198500007100212082001600283 aTruth, syntax and modalitycedited by Hugues Leblanc aLeblanc, Hugues aAmsterdambNorth-Hollandcc1973 avii,317p.; 23cm.- aStudies in logic and the foundations of mathematics; no.68 aContents: aPress of the Temple University conference on alternative semantics a162.06bLEB